000 004580000a22001570004500
003 MACL
005 20180307125948.0
008 180307b xxu||||| |||| 00| 0 eng d
040 _cmacl
100 _a शुक्‍ल, आचार्य रामचंद्र
_940080
245 _aशशांक
260 _b शांति प्रकाशन
_c2004
350 _a300
650 _a नोवेल,
_971026
942 _cHIN
_k891.433/SHU/N
_2ddc
999 _c19270
_d19270